Responses for show #8376 - Monday, April 12, 2021

Champion's winnings & consolation amounts matched to the North Valley Community Foundation.

Contestants

[<< previous game]

Allison Means, a software sales executive from Coral Gables, Florida

Drew Fox, a bartender originally from Toronto, Ontario, Canada

Dennis Chase, a biotech project manager originally from Hyannis, Massachusetts (whose 1-day cash winnings total $25,900)

[next game >>]

Jeopardy! Round responses

ART & ARTISTS
FORMER WEBSITES
AMERICAN FOOD & DRINK
GEOGRA-SEA, & ALSO LAKES
6-LETTER "S"YNONYMS
DREW'S CLUES ON FAMOUS FAMILIES
(Drew Barrymore: I'm Drew with clues about the Barrymores and other multigenerational Hollywood families.)
    $200 1
the U.S. flag

Dennis
    $200 10
a search engine

Dennis
    $200 16
sourdough

Dennis
    $200 21
the Yellow Sea

Dennis
    $200 5
a seesaw

Dennis
    $200 15
"The Great Profile"

Dennis
    $400 2
Dadaism

Dennis
    $400 12
Sega

Fox
    $400 17
a Manhattan

Dennis
    $400 22
(Allison: What is the Arabian Sea?)

the Red Sea

FoxAllison
    $400 4
a shiner

Fox
    $400 27
On Golden Pond

Dennis
    $600 3
big eyes

Dennis
    $600 13
Pity

Triple Stumper
    $600 18
Philly cheesesteak

Fox
    $600 23
(Dennis: What is Ontario?)

Erie

DennisFox
    $600 6
(Fox: What is a holder?)

a sconce

DennisFox
    $600 28
Arquette

Allison
    $800 9
(Paul) Cézanne

Allison
    $800 14
GeoCities

Fox
    $800 19
salmon

Dennis
    $1,600 24
(Fox: What is the Great Salt Lake?)

Lake Bonneville

Fox
    $800 7
simian

Dennis
    $800 29
Debbie Reynolds

Dennis
    $1000 11
the Athens School

Allison
    $1000 26
a cloud

Dennis
    $1000 20
(Fox: What is Cherry Coke?)

Mr. Pibb

FoxAllison
    $1000 25
the Tyrrhenian Sea

Triple Stumper
    $1000 8
swathe

Dennis
    $1000 30
the Coppolas

Dennis

Scores at the first commercial break (after clue 15):

Dennis Fox Allison
$4,200 $1,000 $1,800

Scores at the end of the Jeopardy! Round:

Dennis Fox Allison
$8,400 $0 $3,000

Double Jeopardy! Round responses

THE NATIONAL PARK SYSTEM
SCIENCE NICKNAMES
COUNTING ON TELEVISION
DOUBLE TALK
BRITISH HISTORY
BILL OF WRITES
    $400 26
the Gateway Arch

Dennis
    $400 2
amino acids

Dennis
    $400 1
Hawaii Five-0

Dennis
    $400 9
a Chow Chow

Dennis
    $400 6
Dunkirk

Dennis
    $400 21
Shakespeare

Fox
    $800 27
Harpers Ferry

Allison
    $800 3
El Niño

Fox
    $800 5
Ashton Kutcher

Allison
    $800 17
a muumuu

Allison
    $800 10
(Dennis: What are [*]? What are coal [*]?)
(Aaron: [At the same time as Dennis added to his initial response] Yeah, we'll accept that, coal [*], yes.)

(coal) mines

Dennis
    $800 22
Bill Gates

Allison
    $1200 28
Pennsylvania

Dennis
    $1200 4
noble rot

Triple Stumper
    $1200 14
One Day at a Time

Dennis
    $1200 18
couscous

Dennis
    $1200 11
George II

Allison
    $1200 23
(William Makepeace) Thackeray

Dennis
    $7,000 29
(Dennis: What is Vincennes?)
...
[The end-of-round signal sounds.]

Vicksburg

Dennis
    $3,400 7
the God particle

Dennis
    $1600 15
(Fox: What is TLC?)

MTV

Fox
Triple Stumper
    $1600 19
Pago Pago

Dennis
    $1600 12
(Dennis: Who is Hadrian?)

Julius Caesar

DennisFox
    $1600 24
(William F.) Buckley

Dennis
    $2000 8
a buckyball

Fox
    $2000 16
(Aaron: Yes! It's a great show.)

Reno 911!

Dennis
    $2000 20
beriberi

Dennis
    $2000 13
the Domesday Book

Dennis
    $2000 25
(Aaron: Less than a minute to go.)

William Blake

Triple Stumper

Scores at the end of the Double Jeopardy! Round:

Dennis Fox Allison
$20,000 $3,200 $7,400
(lock game)

[wagering suggestions for these scores]

Final Jeopardy! Round responses

OLYMPIC HOSTS
(Aaron: [To Allison] [*] had Melbourne and Sydney.)
...
(Aaron: [To Dennis] [**] is the other of the two countries with Berlin and Munich.)
FoxWhat is S. Korea
$3,152
AllisonWhat is Australia?
$7,300
DennisWhat is Germany?
$2,500
(1 of) Australia or Germany

Final scores:

Dennis Fox Allison
$22,500 $48 $14,700
2-day champion: $48,400 3rd place: $1,000 2nd place: $2,000

Game dynamics:

Coryat scores:

Dennis Fox Allison
$25,200 $4,800 $7,400
33 R
(including 1 DD),
3 W
(including 1 DD)
10 R,
4 W
(including 1 DD)
9 R,
1 W

Combined Coryat: $37,400

The J! Archive is created by fans, for fans. The Jeopardy! game show and all elements thereof, including but not limited to copyright and trademark thereto, are the property of Jeopardy Productions, Inc. and are protected under law. This website is not affiliated with, sponsored by, or operated by Jeopardy Productions, Inc. Join the discussion at JBoard.tv.